Vamos a pagar el precio justo : (Registro nro. 71455)

Detalles MARC
000 -CABECERA
campo de control de longitud fija 00709nab a2200241 a 4500
001 - NÚMERO DE CONTROL
campo de control 71455
003 - IDENTIFICADOR DEL NÚMERO DE CONTROL
campo de control 145526
005 - FECHA Y HORA DE LA ÚLTIMA TRANSACCIÓN
campo de control 20201118110933.0
008 - DATOS DE LONGITUD FIJA--INFORMACIÓN GENERAL
campo de control de longitud fija ||||||n9999 ||| || ||
041 ## - CÓDIGO DE LENGUA
Código de lengua del texto/banda sonora o título independiente spa
100 ## - ENTRADA PRINCIPAL--NOMBRE DE PERSONA
Nombre de persona Arguelles, Jose Miguel
245 #0 - MENCIÓN DE TÍTULO
Título Vamos a pagar el precio justo :
Resto del título implicaciones de la paneuropeizacion de los precios de productos de consumo pp.63-72
260 ## - PUBLICACIÓN, DISTRIBUCIÓN, ETC.
Lugar de publicación, distribución, etc. España :
Nombre del editor, distribuidor, etc. Alta Direccion,
Fecha de publicación, distribución, etc. 1992.
562 ## - NOTA DE IDENTIFICACIÓN DE LA COPIA Y VERSIÓN
Número de copias 0
650 ## - PUNTO DE ACCESO ADICIONAL DE MATERIA--TÉRMINO DE MATERIA
Término de materia o nombre geográfico como elemento de entrada ANÁLISIS ORGANIZACIONAL
650 ## - PUNTO DE ACCESO ADICIONAL DE MATERIA--TÉRMINO DE MATERIA
Término de materia o nombre geográfico como elemento de entrada CAMBIO ORGANIZACIONAL
650 ## - PUNTO DE ACCESO ADICIONAL DE MATERIA--TÉRMINO DE MATERIA
Término de materia o nombre geográfico como elemento de entrada CONSUMIDORES
650 ## - PUNTO DE ACCESO ADICIONAL DE MATERIA--TÉRMINO DE MATERIA
Término de materia o nombre geográfico como elemento de entrada EUROPA
650 ## - PUNTO DE ACCESO ADICIONAL DE MATERIA--TÉRMINO DE MATERIA
Término de materia o nombre geográfico como elemento de entrada FIJACIÓN DE PRECIOS
650 ## - PUNTO DE ACCESO ADICIONAL DE MATERIA--TÉRMINO DE MATERIA
Término de materia o nombre geográfico como elemento de entrada MERCADO UNICO
773 ## - ENLACE AL DOCUMENTO FUENTE/ENTRADA DE REGISTRO ANFITRIÓN
Número bibliográfico anfitrión 39726
Encabezamiento principal Alta Dirección - Vol.27 No.161
942 ## - ELEMENTOS DE PUNTO DE ACCESO ADICIONAL (KOHA)
Tipo de ítem Koha Artículo de Revista

No hay ítems disponibles.